Представление документа в формате RUSMARC

ПолеНазваниеЗначение
  Тип записи a
  Библиографический уровень m
001 Контрольный номер f7071e1ea5f1420bb9446621b5a0839d
005 Дата корректировки 20140616144834.6
010 Индекс ISBN __
a ISBN 5-222-02560-8
200 Заглавие и сведения об ответственности 1_
a Заглавие Бухгалтерский учет и налогообложение в бюджетных организациях
f Первые сведения об ответственности Середа Константин Николаевич
210 Выходные данные 1_
a Место издания Ростов н/Д
c Издательство Феникс
d Дата издания 2002
215 Физическое описание __
a Объем 447 с.
225 Серия 2_
a Серия Серия "Справочник"
300 Общие примечания __
a Общие примечания 3экз.
610 Ключевые слова 0_
a Ключевые слова бухгалтерский учет
610 Ключевые слова 0_
a Ключевые слова налогообложение
610 Ключевые слова 0_
a Ключевые слова бюджетные организации
686 Индексы других классификаций __
a Классификационный индекс 65.052
2 Код системы rubbk
686 Индексы других классификаций __
a Классификационный индекс 65.052.9(2)247
2 Код системы rubbk
700 Автор _1
a Фамилия Середа Константин Николаевич
801 Источник записи _0
a Страна RU
b Организация РУК
c Дата составления 20030522
g Правила каталогизации PSBO
801 Источник записи _1
a Страна RU
b Организация РУК
c Дата составления 20030522
g Правила каталогизации PSBO
852 Данные о местонахождении __
i Авторский знак С32
j Шифр хранения ББК 65.052
901 Тип документа __
t Тип документа m
938 Служебная информация __
a Название организации Головной вуз
b Имя БД BOOK
c Название АИБС АИБС ИРБИС